Cultura Champions League siglo XXI - Estadísticas

Estadísticas generales
  • Esta prueba ha sido intentada 57 veces
  • La puntuación promedio es 8 de 10
Estadísticas de respuestas
Pregunta Respuesta % Correcto
Qué equipo jugó dos finales consecutivas en el año 2000 y 2001 Valencia
92%
En qué final de Champions jugaron Lionel Messi y Cristiano Ronaldo 2009
90%
Cuantas Champions ha ganado Robert Lewandowski 1
81%
Que futbolista del Chelsea pasó por encima de Victor Valdés en las semifinales de la Champions 2011-12 Fernando torres
81%
Qué jugador del Chelsea falló el quinto penalti en la final de Moscú 2008 John Terry
79%
Que jugador marcó un doblete en la final de Atenas 2007 Inzaghi
77%
Cuántas Champions ha ganado Guardiola como entrenador 3
73%
Qué jugadores del Real Madrid fallaron sus penaltis en las semifinales de 2012 contra el Bayern Munich Ronaldo, Kaka y Ramos
71%
Qué jugador marcó el gol del empate en la final de Estambul 2005 (Liverpool - A.C Milan) Xabi Alonso
69%
Cuantas semifinales de Champions alcanzó Mourinho como entrenador del Real Madrid 3
54%
No se encontraron pruebas coincidentes
Distribución de puntuación
Porcentaje de gente con cada puntuación
Porcentaje por número respondido
Historial de tus puntuaciones
No has intentado esta prueba.